00000000nam 2200000za 4500
0019.837965
003CaOODSP
00520221107151251
007cr |||||||||||
008170608s1985    onc    |o    f|0| 0 eng d
040 |aCaOODSP|beng
043 |an-cn---
0861 |aCS11-614/86-1E-PDF
1001 |aHidiroglou, M. A.
24510|aSome experiences in computing estimates and their variances using data from complex survey designs |h[electronic resource] / |cM. A. Hidiroglou and D. G. Paton.
260 |a[Ottawa] : |bStatistics Canada, |c1985.
300 |a33 p.
4901 |aWorking paper ; |v86-1
500 |aDigitized edition from print [produced by Statistics Canada].
500 |aCaption title.
504 |aIncludes bibliographic references.
5203 |a"Many large scale surveys have designs that are complex, incorporating stratification and perhaps more than one stage of selection. Data from these surveys are used for a considerable amount of analysis, involving the computation of statistics ranging from simple totals and means, to those required for the comparison of domains, linear and logistic regression analysis and contingency table analysis. These analyses are usually done using computer software which does not take the design into account. This paper focuses on the development and use of computer programs which take the design into account for such analyses"--Abstract.
69207|2gccst|aSurveys
69207|2gccst|aMethodology
69207|2gccst|aStatistical analysis
7001 |aPaton, D. G.
7101 |aCanada. |bStatistics Canada. |bMethodology Branch.
830#0|aWorking paper (Statistics Canada. Methodology Branch)|v86-1|w(CaOODSP)9.834763
85640|qPDF|s3.06 MB|uhttps://publications.gc.ca/collections/collection_2017/statcan/11-613/CS11-614-86-1-eng.pdf
986 |a11-614E